Trh s elektrinou v strednej Európe

Už vyše dvadsať rokov je vydaná prvá európska smernica, ktorej snahou je jednotný liberalizovaný trh s elektrickou energiou. Cielom je, aby si spotrebiteľ mohol vybrať svojho dodávateľa z akejkoľvek európskej krajiny. Vzájomné porovnanie situácie obyčajných spotrebiteľov v Poľsku, Maďarsku, Rakúsku,...

Descrizione completa

Salvato in:
Dettagli Bibliografici
Autore principale: Pokorná, Viktória
Natura: Capitolo di libro
Lingua:slovacco
Soggetti:
Tags: Aggiungi Tag
Nessun Tag, puoi essere il primo ad aggiungerne!!

MARC

LEADER 00000naa a2200000 4500
001 0236219
005 20171005130900.1
041 0 |a slo 
044 |a CZ 
245 1 0 |a Trh s elektrinou v strednej Európe  |c Viktória Pokorná 
520 |a Už vyše dvadsať rokov je vydaná prvá európska smernica, ktorej snahou je jednotný liberalizovaný trh s elektrickou energiou. Cielom je, aby si spotrebiteľ mohol vybrať svojho dodávateľa z akejkoľvek európskej krajiny. Vzájomné porovnanie situácie obyčajných spotrebiteľov v Poľsku, Maďarsku, Rakúsku, Nemecku a na Slovensku. 
610 2 0 |a elektroenergetika 
610 2 0 |a liberalizácia 
610 2 0 |a porovnanie medzinárodné 
610 2 0 |a porovnanie štatistické medzinárodné 
610 2 0 |a trh elektronický 
610 2 0 |a stredná Európa 
610 2 0 |a spotrebitelia 
100 1 |a Pokorná, Viktória